A gentle introduction to game theory
Αποθηκεύτηκε σε:
| Κύριος συγγραφέας: | |
|---|---|
| Μορφή: | Βιβλίο |
| Γλώσσα: | English |
| Δημοσίευση: |
Providence, R.I. :
American Mathematical Society,
c1999
|
| Σειρά: | Mathematical world ;
; 13 |
| Θέματα: | |
| Ετικέτες: |
Προσθήκη ετικέτας
Δεν υπάρχουν, Καταχωρήστε ετικέτα πρώτοι!
|
MARC
| LEADER | 00000nam a2200000 i 4500 | ||
|---|---|---|---|
| 001 | 1/57536 | ||
| 008 | 071009s1999 eng d | ||
| 020 | |a 0-8218-1339-0 | ||
| 035 | |l 10091334 | ||
| 040 | |a GR-MY-UA |b gre |e aacr | ||
| 041 | 0 | |a eng | |
| 082 | 0 | |a 519.3 |2 (22) | |
| 100 | 1 | |a Stahl, Saul. | |
| 245 | 1 | 2 | |a A gentle introduction to game theory / |c Saul Stahl |
| 260 | |a Providence, R.I. : |b American Mathematical Society, |c c1999 | ||
| 300 | |a xii, 176 σ.; |b εικ.; |c 26 εκ. | ||
| 490 | 1 | |a Mathematical world |v ; 13 | |
| 504 | |a πΠριλαμβάνει βιβλιογραφικές παραπομπές (σ. 169-170) και ευρετήριο | ||
| 650 | 0 | 0 | |a Game theory. |
| 830 | 0 | |a Mathematical world ; |v ; 13 | |
| 852 | |a INST |b SAMOS |e 20071009 |h 519.3 STA |p 005300028154 |q 005300028154 |t BK |y 0 | ||
| 901 | |a BIBL3-2007-3 | ||
| 909 | |a Σ |b 139354 | ||
| 922 | |a 3ΕΛΗ |b 200709 |c ΕΠΕΑΕΚ2/ΤΜΗΜΑ ΜΑΘΗΜΑΤΙΚΩΝ |d ΠΑΠΑΣΩΤΗΡΙΟΥ | ||
| 970 | |a ΡΟΥΣΣΟΥ |b ΚΩΝΣΤΑΝΤΙΝΑ |z 2007/10/09 | ||